Counties of Oregon - Sudden Death - Statistics

General Stats
  • This quiz has been taken 43 times
  • The average score is 21 of 36
Answers on the Grid
Answers color-coded by a green-red scale on the quiz's grid according to % correct below.
Ashland
Baker
Benton
Brothers
Clackamas
Clatsop
Columbia
Coos
Coquille
Crook
Curry
Day
Deschutes
Deseret
Douglas
Drachma
Eureka
Garibaldi
Gilliam
Grant
Guinness
Harney
Harris
Hood River
Idaho
Jackson
Jefferson
Josephine
Klamath
Lake
Lane
Lincoln
Linn
Malheur
Marion
Mondalez
Morrow
Multnomah
Napa
Ocean
Paisley
Paradise
Pierce
Polk
Portland
Ranier
Reuttack
Sherman
Silver Lake
Tillamook
Umatilla
Union
Wallowa
Wasco
Washington
Wheeler
Winnona
Yachats
Yamhill
Yuma
 
Answer Stats
Answer % Correct
Deschutes
80%
Multnomah
80%
Clatsop
70%
Harney
70%
Hood River
70%
Josephine
70%
Klamath
70%
Tillamook
70%
Yamhill
70%
Baker
60%
Clackamas
60%
Columbia
60%
Coos
60%
Curry
60%
Douglas
60%
Grant
60%
Jefferson
60%
Lane
60%
Lincoln
60%
Marion
60%
Umatilla
60%
Wallowa
60%
Crook
50%
Lake
50%
Linn
50%
Malheur
50%
Morrow
50%
Sherman
50%
Wasco
50%
Gilliam
40%
Jackson
40%
Polk
40%
Union
40%
Washington
40%
Wheeler
40%
Benton
30%
No matching quizzes found
Score Distribution
Percent of People with Each Score
Percentile by Number Answered
Your Score History
You have not taken this quiz